[Event "GM"]
[Site "Hampstead ENG"]
[Date "2001.04.22"]
[Round "8"]
[White "Richardson,J"]
[Black "Krush,I"]
[Result "1/2-1/2"]
[WhiteElo "2338"]
[BlackElo "2380"]

1.d4 d5 2.c4 e6 3.cxd5 exd5 4.Nc3 c6 5.Qc2 Bd6 6.e3 Nf6 7.Bd3 O-O 8.Nge2 Re8
9.Bd2 a6 10.Ng3 Nbd7 11.O-O Qc7 12.Rfe1 h5 13.e4 h4 14.Nf1 dxe4 15.Nxe4 Nxe4
16.Bxe4 Nf6 17.Bh7+ Kf8 18.Bg5 Rxe1 19.Rxe1 h3 20.Bxf6 gxf6 21.Qe4 Be6 22.Bf5 hxg2
23.Ng3 Re8 24.Qh4 Bxg3 25.hxg3 Qa5 26.Rxe6 Rxe6 27.Bxe6 Qe1+ 28.Kxg2 Qxe6
29.Qh8+ Ke7 30.Qb8 Qd5+ 31.Kg1 Qb5 32.b3 Qb4 33.Kg2 Qb5  1/2-1/2

[Event "Mayor's Cup"]
[Site "New York USA"]
[Date "2001.06.18"]
[Round "1"]
[White "Krush,I"]
[Black "Shahade,G"]
[Result "1-0"]
[WhiteElo "2380"]
[BlackElo "2458"]

1.d4 Nf6 2.c4 e6 3.Nc3 Bb4 4.e3 O-O 5.Bd3 d5 6.Nf3 c5 7.O-O Nc6 8.a3 Bxc3
9.bxc3 Qc7 10.Bb2 dxc4 11.Bxc4 e5 12.h3 Rd8 13.Qe2 b6 14.Rad1 Bb7 15.Ba2 h6
16.d5 Ne7 17.c4 Ng6 18.Bb1 Nd7 19.Bxg6 fxg6 20.Nh4 Qd6 21.Qc2 Nf8 22.f4 exf4
23.Rxf4 Rd7 24.Rdf1 g5 25.Nf5 Qg6 26.R4f3 b5 27.Qf2 Nh7 28.Nxg7 g4 29.hxg4 Rxg7
30.Bxg7 bxc4 31.Ba1 c3 32.Qe1 Ng5 33.Rf6 Qd3 34.Qxc3  1-0

[Event "Mayor's Cup"]
[Site "New York USA"]
[Date "2001.06.23"]
[Round "6"]
[White "Gruenfeld,Y"]
[Black "Krush,I"]
[Result "1-0"]
[WhiteElo "2520"]
[BlackElo "2380"]

1.e4 c5 2.Nf3 d6 3.d4 cxd4 4.Nxd4 Nf6 5.Nc3 Nc6 6.Bg5 e6 7.Qd2 a6 8.O-O-O h6
9.Be3 Nxd4 10.Bxd4 b5 11.Kb1 Be7 12.f3 Qa5 13.Qe3 Rb8 14.e5 dxe5 15.Qxe5 Rb7
16.Be2 Qc7 17.Qxc7 Rxc7 18.Be5 Rc5 19.Bd4 Rc7 20.a3 Bd7 21.Be5 Rb7 22.f4 Bc6
23.Rhf1 a5 24.Bf3 Bxf3 25.Rxf3 b4 26.axb4 axb4 27.Bxf6 Bxf6 28.Ne4 Ke7 29.f5 Ra8
30.Nxf6 gxf6 31.Rd4 e5 32.Rc4 Rg8 33.g3 h5 34.Ka2 Rd8 35.Kb3 Rd2 36.h3 Re2
37.g4 h4 38.Rd3 e4 39.Rdd4 Re3+ 40.Ka4 Rxh3 41.Rxe4+ Kf8 42.Rc8+ Kg7 43.Ree8  1-0

[Event "It"]
[Site "Montreal CAN"]
[Date "2001.08.05"]
[Round "4"]
[White "Turov,M"]
[Black "Krush,I"]
[Result "1/2-1/2"]
[WhiteElo "2550"]
[BlackElo "2421"]

1.d4 d5 2.c4 dxc4 3.Nf3 Nf6 4.e3 e6 5.Bxc4 c5 6.O-O a6 7.Qe2 Nc6 8.Rd1 b5
9.dxc5 Qc7 10.Bd3 Bxc5 11.a4 bxa4 12.Rxa4 Nb4 13.Bc4 O-O 14.Bd2 a5 15.Nc3 Bb7
16.Nb5 Qb6 17.Bc3 Nfd5 18.Be5 Rfc8 19.Raa1 a4 20.Nc3 Bc6 21.Nd4 Be8 22.Qg4 Bf8
23.Bxd5 Nxd5 24.Nxd5 exd5 25.Ne2 Qe6 26.Qg3 f6 27.Bc3 Bf7 28.Nd4 Qe4 29.Nb5 Qg6
30.Qh3 Rc5 31.Nd4 Rc4 32.Qd7 Qe4 33.Qb7 Qe8 34.Rdc1 Rb8 35.Qa6 Ra8 36.Qb7 Rb8
37.Qa6 Qd7 38.h3 Qe8 39.Nf5 Qd7 40.Nd4 Kh8 41.Ne2 Qe8 42.Bd4 Ra8 43.Qb6 Qc8
44.Rxc4 dxc4 45.Nc3 Rb8 46.Qa7 Be8 47.Nd5 Rb7 48.Qa5 Rb5 49.Qc7 Rb8 50.Qxc8 Rxc8
51.Nb6 Rc6 52.Rc1 a3 53.bxa3 Bxa3 54.Rxc4 Rxc4 55.Nxc4 Bb4 56.e4 Bb5 57.Ne3 Bd2
58.Nd5 Kg8 59.Bc3 Bc1 60.g4 Kf7 61.f3 Ba3 62.Kf2 Bc5+ 63.Kg3 Bd3 64.Bb4 Ba7
65.Bd6 Bd4 66.Nb4 Bb5 67.f4 Bc3 68.Nd5 Bd4 69.h4 h6 70.Kf3 Ba4 71.Ne7 Bd1+
72.Kg3 Bc3 73.Nf5 Be1+ 74.Kh3 h5 75.gxh5  1/2-1/2

[Event "It"]
[Site "Montreal CAN"]
[Date "2001.08.06"]
[Round "5"]
[White "Krush,I"]
[Black "Goldenberg,D"]
[Result "0-1"]
[WhiteElo "2421"]
[BlackElo "2343"]

1.d4 Nf6 2.c4 g6 3.Nc3 Bg7 4.e4 d6 5.Nf3 O-O 6.Be2 e5 7.O-O Nc6 8.d5 Ne7
9.Ne1 Nd7 10.Nd3 f5 11.Bd2 Nf6 12.f3 Kh8 13.c5 f4 14.cxd6 cxd6 15.Qc2 g5
16.Nf2 Ng6 17.Nb5 Ne8 18.Rfc1 Rf7 19.a4 Bf8 20.a5 h5 21.Ra3 Nh4 22.Nxa7 Bd7
23.Nb5 g4 24.fxg4 f3 25.gxf3 Bxb5 26.Bxb5 Nxf3+ 27.Kg2 Nd4 28.Qc4 Rxf2+ 29.Kxf2 Qh4+
30.Kg1 Nf6 31.Be1 Qxg4+ 32.Rg3 Qf4 33.Rd1 h4 34.Rg2 Ng4 35.Rxd4 Qe3+ 36.Kh1 h3
37.Rd1 hxg2+ 38.Kxg2 Qf4 39.Bg3 Ne3+ 40.Kg1 Qf3 41.Qe2 Qxe2 42.Bxe2 Nxd1
43.Bxd1 Rxa5 44.Kf1 Ra2 45.b3 Rb2 46.h4 Be7 47.Bf2 Kg7 48.Bg3 Bd8 49.Bf2 Kg6
50.Ke1 Ba5+ 51.Kf1 Bc3 52.h5+ Kg7 53.Be3 Rh2 54.Bg4 Bd2 55.Bb6 Kh6 56.Bc7 Kg5
57.Bf5 Bb4 58.Bd8+ Kf4  0-1

[Event "It"]
[Site "Montreal CAN"]
[Date "2001.08.09"]
[Round "7"]
[White "Krush,I"]
[Black "Rozentalis,E"]
[Result "1/2-1/2"]
[WhiteElo "2421"]
[BlackElo "2588"]

1.d4 Nf6 2.c4 e6 3.Nc3 Bb4 4.e3 b6 5.Ne2 O-O 6.a3 Bxc3+ 7.Nxc3 d5 8.cxd5 exd5
9.Bd3 c5 10.dxc5 bxc5 11.O-O Nc6 12.b4 cxb4 13.axb4 Nxb4 14.Ba3 Rb8 15.Bb5 a5
16.Qa4 d4 17.exd4 Nfd5 18.Nxd5 Qxd5 19.Be2 Bd7 20.Qd1 Rfc8 21.Bf3 Qc4 22.Rc1 Qa2
23.Ra1 Qc2 24.Re1 Qxd1 25.Rexd1 Nc2 26.Ra2 Nxa3 27.Rxa3 a4 28.h3 Kf8 29.d5 Rb3
30.Ra2 Rcc3 31.Be4 f5 32.Bc2 Rb4 33.Kf1 Ke7 34.d6+ Kf6 35.Bxa4  1/2-1/2

[Event "Smartchess.com It"]
[Site "New York USA"]
[Date "2001.10.09"]
[Round "3"]
[White "Krush,I"]
[Black "Perelshteyn,E"]
[Result "1/2-1/2"]
[WhiteElo "2411"]
[BlackElo "2432"]

1.e4 c5 2.Nf3 d6 3.d4 cxd4 4.Nxd4 Nf6 5.Nc3 Nc6 6.Bg5 e6 7.Qd2 a6 8.O-O-O h6
9.Be3 Be7 10.f3 Nxd4 11.Bxd4 e5 12.Be3 Be6 13.Kb1 Rc8 14.Bd3 Qa5 15.Nd5 Qxd2
16.Nxf6+ Bxf6 17.Bxd2 Be7 18.b3 Bd8 19.c3 Bg5 20.Kb2 Ke7 21.h4 Bxd2 22.Rxd2 g5
23.Be2 Rcg8 24.hxg5 hxg5 25.Rdd1 g4 26.Kc2 gxf3 27.gxf3 f5 28.exf5 Bxf5+
29.Kd2 d5 30.Rxh8 Rxh8 31.Rg1 Kf6 32.Ke3 Rc8 33.Kd2 d4 34.Rc1 d3 35.Bf1 Rh8
36.c4 Rh2+ 37.Ke3 Rxa2 38.Bxd3 Bxd3 39.Kxd3 Kf5 40.Ke3 Ra3 41.Rc3 a5 42.Rd3 b6
43.Kd2 Kf4 44.Ke2 Ra2+ 45.Kf1 Rb2 46.Ke1 Rh2 47.Kf1 Kg3 48.Ke1 Rh1+ 49.Ke2 Rb1
50.Rc3 Kf4 51.Rd3  1/2-1/2

[Event "Smartchess.com It"]
[Site "New York USA"]
[Date "2001.10.10"]
[Round "4"]
[White "Blatny,P"]
[Black "Krush,I"]
[Result "1/2-1/2"]
[WhiteElo "2458"]
[BlackElo "2411"]

1.f4 d5 2.e3 c5 3.d4 Nc6 4.c3 e6 5.Nf3 f5 6.Bd3 Nf6 7.O-O Be7 8.Ne5 O-O 9.Nd2 Nxe5
10.fxe5 Ne4 11.Nxe4 fxe4 12.Rxf8+ Qxf8 13.Be2 Bd7 14.a4 Qf7 15.b3 Bh4 16.g3 Bg5
17.Bd2 Rf8 18.Qe1 cxd4 19.cxd4 Rc8 20.Rc1 Qe8 21.h4 Be7 22.Rxc8 Qxc8 23.Bb4 Bxb4
24.Qxb4 b6 25.Qe7 Qe8 26.Qd6 Qc8 27.Bh5 Be8 28.Bg4 Bf7 29.Be2 h6 30.Kf2 Qc2
31.Qd8+ Kh7 32.g4 h5 33.g5 Bg6 34.Qe7 Bf5 35.g6+ Kxg6 36.Qe8+ Kh7 37.Qxh5+ Kg8
38.Qe8+ Kh7 39.h5 Qc7 40.b4 Kh6 41.Qh8+ Bh7 42.Qf8 Bf5 43.b5 Kh7 44.Qe8 Qb7
45.Ke1 Qc7 46.Kd2 Qb7 47.Qd8 Qf7 48.a5 bxa5 49.Qxa5 Bh3 50.Qa1 Qf2 51.Qe1 Qxe1+
52.Kxe1 Kh6 53.Kf2 Kg5 54.Kg3 Bf5 55.Bd1 Bh7 56.Bg4 Bg8 57.Bd1 Bf7 58.Bg4 Bg8
59.Bd1  1/2-1/2

[Event "Smartchess.com It"]
[Site "New York USA"]
[Date "2001.10.12"]
[Round "6"]
[White "Cela,A"]
[Black "Krush,I"]
[Result "1-0"]
[WhiteElo "2483"]
[BlackElo "2411"]

1.e4 c5 2.Nf3 d6 3.d4 cxd4 4.Nxd4 Nf6 5.Nc3 Nc6 6.Bg5 e6 7.Qd2 a6 8.O-O-O h6
9.Be3 Nxd4 10.Bxd4 b5 11.f4 Be7 12.Be2 b4 13.Na4 Rb8 14.Qe3 Qc7 15.Kb1 Bd7
16.b3 Bxa4 17.bxa4 Qa5 18.Bxf6 Bxf6 19.Rxd6 O-O 20.Rxa6 Qc7 21.e5 Be7 22.Rd1 Bc5
23.Qe4 Rfd8 24.Rc6 Rxd1+ 25.Bxd1 Qa7 26.Be2 Bg1 27.Bd3 g6 28.g4 Qf2 29.h3 Qd2
30.f5 Be3 31.Qh1 gxf5 32.gxf5 exf5 33.Bxf5 Kh8 34.a5 Rg8 35.Bg4 h5 36.e6 hxg4
37.hxg4+ Kg7 38.Qf1 Rf8 39.Rc7 Bf4 40.Rxf7+ Rxf7 41.exf7 Bd6 42.a6 Qd4 43.Qd3 Qg1+
44.Kb2 Qc5 45.Kb3 Be7 46.c3 Kf8 47.Qd4 Qa5 48.Qh8+  1-0

[Event "NCC"]
[Site "Philadelphia USA"]
[Date "2001.11.24"]
[Round "3"]
[White "Krush,I"]
[Black "Fang,J"]
[Result "0-1"]
[WhiteElo "2411"]
[BlackElo "2315"]

1.d4 d5 2.c4 c6 3.Nc3 Nf6 4.Nf3 dxc4 5.a4 Bf5 6.Ne5 e6 7.f3 Bb4 8.e4 Bxe4
9.fxe4 Nxe4 10.Bd2 Qxd4 11.Nxe4 Qxe4+ 12.Qe2 Bxd2+ 13.Kxd2 Qd5+ 14.Kc2 Na6
15.Nxc4 b5 16.axb5 Nb4+ 17.Kc3 cxb5 18.Rd1 Na2+ 19.Kb3 bxc4+ 20.Kxa2 Qa5+
21.Kb1 Rb8 22.Qxc4 O-O 23.Qa2 Qe5 24.Bd3 g6 25.Rd2 Rb4 26.Qxa7 Rfb8 27.Qf2 Qa5
28.Rf1 R4b7 29.Bc4 Ra8 30.Qd4 Qa1+ 31.Kc2 Qa4+ 32.b3 Qb4 33.Ra1 Rc8 34.Ra4 Qxb3+  0-1

[Event "Premier"]
[Site "Hastings ENG"]
[Date "2001.12.29"]
[Round "1"]
[White "Kiriakov,P"]
[Black "Krush,I"]
[Result "1-0"]
[WhiteElo "2547"]
[BlackElo "2411"]

1.d4 d5 2.c4 dxc4 3.e3 Nf6 4.Bxc4 e6 5.Nf3 c5 6.O-O a6 7.Qe2 b5 8.Bb3 Bb7
9.a4 b4 10.Rd1 Be7 11.Nbd2 O-O 12.Nc4 Qc7 13.Bd2 Bd5 14.Rac1 Nbd7 15.Be1 Rfc8
16.Nfe5 Qb7 17.Na5 Qb6 18.Nac4 Qb7 19.Nxd7 Nxd7 20.e4 Bxc4 21.Rxc4 Nb6 22.Rcc1 cxd4
23.Rxc8+ Rxc8 24.Rxd4 Nd7 25.Bc4 Nc5 26.b3 a5 27.e5 Rd8 28.Rxd8+ Bxd8 29.Bd2 Bb6
30.Kf1 h6 31.Qg4 Qe4 32.Qxe4 Nxe4 33.Be1 Kf8 34.Ke2 Ke7 35.f4 g5 36.Kf3 Nc3
37.fxg5 hxg5 38.Bd2 f6 39.g3 Bd4 40.exf6+ Kxf6 41.Bd3 Nd5 42.Bc1 Bg1 43.h3 Bd4
44.Be4 Nc3 45.Bh7 Nd5 46.Bd3 e5 47.Be4 Nc3 48.Bd2 Nd1 49.h4 gxh4 50.gxh4 Bb6
51.Bg5+ Kf7 52.h5 Nc3 53.h6 Nxe4 54.Kxe4 Bc7 55.Kf5  1-0

[Event "Premier"]
[Site "Hastings ENG"]
[Date "2001.12.30"]
[Round "2"]
[White "Krush,I"]
[Black "Pert,N"]
[Result "0-1"]
[WhiteElo "2411"]
[BlackElo "2451"]

1.d4 e6 2.c4 f5 3.g3 Nf6 4.Bg2 Be7 5.Nf3 O-O 6.O-O d6 7.b4 Ne4 8.Bb2 a5 9.a3 axb4
10.axb4 Rxa1 11.Bxa1 b5 12.cxb5 Nd7 13.d5 e5 14.Nfd2 Nxd2 15.Qxd2 Nb6 16.Nc3 Bd7
17.e3 Qa8 18.Bb2 Nc4 19.Qe2 Nxb2 20.Qxb2 e4 21.Ra1 Qb7 22.Bf1 Bf6 23.Ra5 Rb8
24.Qa3 Qc8 25.Bc4 Qe8 26.Ra7 Rc8 27.Ra5 Rb8 28.Ra7 Rc8 29.Ra5 Rb8 30.Ne2 Bxb5
31.Bxb5 Rxb5 32.Nf4 Rb8 33.Ne6 h6 34.Ra7 Qh5 35.Qa4 Kh7 36.Nxc7 Qe2 37.b5 Bc3
38.Ne6 Rxb5 39.Qa2 Rb2  0-1

[Event "Premier"]
[Site "Hastings ENG"]
[Date "2002.01.01"]
[Round "4"]
[White "Krush,I"]
[Black "Wells,P"]
[Result "1/2-1/2"]
[WhiteElo "2411"]
[BlackElo "2517"]

1.d4 Nf6 2.c4 e6 3.Nc3 Bb4 4.e3 O-O 5.Bd3 d5 6.Nf3 c5 7.O-O dxc4 8.Bxc4 cxd4
9.exd4 b6 10.Bg5 Bb7 11.Ne5 Nc6 12.Bxf6 Qxf6 13.Nd7 Qh4 14.Nxf8 Rxf8 15.a3 Be7
16.d5 Bd6 17.f4 exd5 18.Nxd5 Ne5 19.Qe2 Ng4 20.h3 Bc5+ 21.Kh1 Ne3 22.b4 Bd4  1/2-1/2

[Event "Premier"]
[Site "Hastings ENG"]
[Date "2002.01.02"]
[Round "5"]
[White "Gallagher,Jo"]
[Black "Krush,I"]
[Result "1-0"]
[WhiteElo "2511"]
[BlackElo "2411"]

1.e4 c5 2.Nf3 Nc6 3.d4 cxd4 4.Nxd4 Nf6 5.Nc3 e5 6.Ndb5 d6 7.Nd5 Nxd5 8.exd5 Nb8
9.c4 Be7 10.Bd3 O-O 11.O-O Nd7 12.b3 a6 13.Nc3 f5 14.f3 Qe8 15.Qe2 Qh5 16.Bd2 f4
17.Ne4 Nf6 18.Nf2 Re8 19.g4 fxg3 20.hxg3 Bf5 21.Bxf5 Qxf5 22.Ne4 b5 23.Rac1 bxc4
24.Nxf6+ Bxf6 25.Rxc4 Rac8 26.g4 Qd7 27.Rfc1 Rxc4 28.Rxc4 Rc8 29.Bb4 Be7
30.Kg2 Kf7 31.Qc2 Rxc4 32.Qxc4 Qa7 33.Qe4 g6 34.f4 Bh4 35.Qf3 e4 36.Qe2 Qd4
37.Qd2 Qxd2+ 38.Bxd2 Bf6 39.Kf2 Bd4+ 40.Be3 Bc3 41.g5 Bb4 42.Ke2 Ba3 43.Bd2 Bc5
44.b4 Bd4 45.a4 Ke7 46.Be3 Bc3 47.b5 axb5 48.axb5 Kd7 49.Bb6 Bg7 50.Ke3 h6
51.gxh6 Bxh6 52.Kxe4 Bf8 53.Kf3 Be7 54.Kg4 Kc8 55.Bf2 Kc7 56.Bd4 Bd8 57.Be3 Bf6
58.Bg1 Bd8 59.Ba7 Bf6 60.Bf2 Be7 61.b6+ Kc8 62.Bh4 Bf8 63.Bf6 Bh6 64.Bg5 Bf8
65.Kh4 Kd7 66.Kg3 Kc8 67.Kg4 Kd7 68.Bf6 Bh6 69.Be7 Bg7 70.b7 Kc7 71.Bxd6+  1-0

[Event "Premier"]
[Site "Hastings ENG"]
[Date "2002.01.03"]
[Round "6"]
[White "Harikrishna,P"]
[Black "Krush,I"]
[Result "1-0"]
[WhiteElo "2502"]
[BlackElo "2411"]

1.d4 d5 2.c4 dxc4 3.Nf3 Nf6 4.e3 e6 5.Bxc4 a6 6.O-O b5 7.Bb3 c5 8.a4 b4 9.e4 cxd4
10.e5 Ne4 11.Nxd4 Nc5 12.Bc4 Bb7 13.a5 Qc7 14.Nd2 Qxe5 15.N2f3 Qd6 16.Bd2 Be7
17.Bxb4 Nc6 18.Nxc6 Qxc6 19.Rc1 Rc8 20.Be2 Qa4 21.Qxa4+ Nxa4 22.Rxc8+ Bxc8
23.Rc1 Bd7 24.Bxe7 Kxe7 25.b3 Nb2 26.Rc2 Rc8 27.Rxb2 Rc1+ 28.Bf1 Bb5 29.Nd2  1-0

[Event "Premier"]
[Site "Hastings ENG"]
[Date "2002.01.04"]
[Round "7"]
[White "Krush,I"]
[Black "Zhang Zhong"]
[Result "0-1"]
[WhiteElo "2411"]
[BlackElo "2657"]

1.d4 Nf6 2.c4 e6 3.Nc3 Bb4 4.e3 b6 5.Ne2 Bb7 6.a3 Be7 7.d5 O-O 8.Ng3 Re8
9.Be2 Bf8 10.O-O d6 11.e4 Nbd7 12.b4 c6 13.dxc6 Bxc6 14.Bb2 Rc8 15.Nb5 Bxb5
16.cxb5 Qc7 17.Qd4 Qb7 18.Rac1 Rxc1 19.Rxc1 Rc8 20.Rc4 Ne8 21.Qc3 Rxc4 22.Bxc4 Be7
23.Bb3 Bf6 24.Qc6 Qc7 25.Bxf6 Ndxf6 26.f3 Kf8 27.Ne2 Ng8 28.Nd4 Ne7 29.Qxc7 Nxc7
30.Bc4 Ke8 31.Kf2 Kd7 32.g3 f6 33.f4 e5 34.fxe5 dxe5 35.Ne2 Nc8 36.Nc3 Nd6
37.Bd3 Ke6 38.g4 Kf7 39.a4 Kg6 40.Be2 Ne6 41.h4 Nf4 42.Bf1 h5 43.Kg3 hxg4
44.Kxg4 Kf7 45.a5 g6 46.Kf3 f5 47.exf5 gxf5 48.Be2 Kg6 49.Bf1 Kh6 50.a6 Kg6
51.Kf2 Kf6 52.Kf3 Ke6 53.Ke3 Nd5+ 54.Nxd5 Kxd5 55.Bh3 Ke6 56.Bf1 Kf6 57.Kf3 Ne8
58.Bc4 Ng7 59.Bd5 Ne6 60.Bc6 Nf4 61.Ke3 Ng6 62.h5 Ne7 63.Kd3 Kg5 64.Bf3 Ng8
65.Kc4 Nf6 66.Bd1 f4 67.Kd3 e4+ 68.Kd4 f3 69.Ke5 Kxh5  0-1

[Event "Premier"]
[Site "Hastings ENG"]
[Date "2002.01.05"]
[Round "8"]
[White "Sasikiran,K"]
[Black "Krush,I"]
[Result "1-0"]
[WhiteElo "2569"]
[BlackElo "2411"]

1.d4 d5 2.c4 dxc4 3.Nf3 Nf6 4.e3 e6 5.Bxc4 c5 6.O-O a6 7.dxc5 Qxd1 8.Rxd1 Bxc5
9.Nbd2 b6 10.Be2 Bb7 11.Nb3 Be7 12.Nfd4 O-O 13.f3 Nbd7 14.e4 Nc5 15.Nxc5 Bxc5
16.Be3 Rfd8 17.Kf2 Kf8 18.Nb3 Bxe3+ 19.Kxe3 Ke7 20.Nd2 Rac8 21.Nc4 Rxd1 22.Rxd1 Rc6
23.b4 Nd7 24.f4 b5 25.Na5 Rc7 26.Nxb7 Rxb7 27.Rc1 Nb6 28.a3 Kd7 29.Kd4 Rc7
30.Rxc7+ Kxc7 31.g3 f6 32.Bg4 Kd7 33.h4 Kd6 34.e5+ fxe5+ 35.fxe5+ Kd7 36.Bd1 Nc4
37.Bc2 Nxa3 38.Bxh7 Nc4 39.Bd3 Nb6 40.h5 Nd5 41.Kc5 Ne3 42.Be2 Nc2 43.g4 Ke7
44.g5 Ne3 45.Bd3 Nd5 46.Be4 Nf4 47.h6 gxh6 48.gxh6 Kf7 49.Kb6 Nh3 50.Kxa6 Nf2
51.Bf5  1-0

[Event "GMA"]
[Site "Bermuda BER"]
[Date "2002.01.24"]
[Round "4"]
[White "Ernst,S"]
[Black "Krush,I"]
[Result "1/2-1/2"]
[WhiteElo "2459"]
[BlackElo "2424"]

1.d4 d5 2.c4 dxc4 3.Nf3 Nf6 4.e3 e6 5.Bxc4 c5 6.O-O a6 7.Bb3 b5 8.a4 b4 9.Nbd2 Bb7
10.e4 Be7 11.e5 Nfd7 12.Nc4 O-O 13.Bc2 cxd4 14.Nxd4 Qc7 15.Qd3 g6 16.Bf4 Nc6
17.Nf3 Rfd8 18.Qe3 Na5 19.Nxa5 Qxa5 20.Ng5 Qc5 21.Qe2 Bxg5 22.Bxg5 Rdc8 23.Bb3 Qxe5
24.Qxe5 Nxe5 25.Rfd1 Kg7 26.Rd4 Bd5 27.Bxd5 exd5 28.Rxd5 Nc6 29.Rd6 Nd8 30.Bf6+ Kf8
31.h3 Ne6 32.Rb6 Rc4 33.b3 Rf4 34.Be5 Re4 35.Bd6+ Ke8 36.Bxb4 Nf4 37.Rd1 Re2
38.Kf1 Re6 39.Rb7 Rc8 40.g3 Nxh3 41.f4 g5 42.f5 Re4 43.Re1 Rxe1+ 44.Kxe1 Rc1+
45.Kd2 Rg1 46.Bd6 h5 47.Re7+ Kd8 48.Rxf7 Nf2 49.Ke3 Ng4+ 50.Ke4 Re1+ 51.Kd5 h4
52.gxh4 gxh4 53.Kc6 Ne5+ 54.Bxe5 Rxe5 55.b4 Re7 56.Rf6 Rh7 57.Rd6+ Ke8 58.b5 axb5
59.axb5 h3 60.Rd1 h2 61.Rh1 Kd8 62.b6 Kc8 63.Kd6 Rh3 64.f6 Kb7 65.f7 Rf3
66.Ke7 Re3+ 67.Kf6 Rf3+ 68.Kg7 Rg3+ 69.Kf6 Rf3+ 70.Ke6 Re3+ 71.Kd6  1/2-1/2

[Event "GMA"]
[Site "Bermuda BER"]
[Date "2002.01.25"]
[Round "5"]
[White "Krush,I"]
[Black "Macieja,B"]
[Result "1/2-1/2"]
[WhiteElo "2424"]
[BlackElo "2612"]

1.d4 Nf6 2.c4 e6 3.Nc3 Bb4 4.e3 c5 5.Ne2 cxd4 6.exd4 O-O 7.a3 Be7 8.Nf4 d5
9.cxd5 Nxd5 10.Ncxd5 exd5 11.Bd3 Nc6 12.O-O Bf6 13.Be3 g6 14.Rc1 Qd6 15.Rc5 Be6
16.Nxe6 fxe6 17.Be2 Rac8 18.Bg4 b6 19.Rc1 Ne7 20.Qd2 Rxc1 21.Rxc1 Rc8 22.Rxc8+ Nxc8
23.Bf4 Qd7 24.Qe3 Kf7 25.Be5 Ne7 26.Bxf6 Kxf6 27.Qf4+ Kg7 28.Qe5+ Kf7 29.Qf4+ Kg7  1/2-1/2

[Event "GMA"]
[Site "Bermuda BER"]
[Date "2002.01.29"]
[Round "8"]
[White "Socko,B"]
[Black "Krush,I"]
[Result "1-0"]
[WhiteElo "2585"]
[BlackElo "2424"]

1.e4 c5 2.Nf3 Nc6 3.d4 cxd4 4.Nxd4 Nf6 5.Nc3 e5 6.Ndb5 d6 7.Bg5 a6 8.Na3 b5
9.Nd5 Be7 10.Bxf6 Bxf6 11.c3 Bg5 12.Nc2 Rb8 13.a4 bxa4 14.Ncb4 Bd7 15.Bxa6 Nxb4
16.Nxb4 Qa5 17.Qxd6 Rb6 18.Qd3 Be7 19.Nd5 Rxb2 20.O-O Qc5 21.c4 Rb3 22.Qe2 O-O
23.Bb5 Bxb5 24.cxb5 Bd8 25.Rfb1 Rxb1+ 26.Rxb1 Bb6 27.Qe3 Rb8 28.Qg3 Qd6 29.Ra1 Bd4
30.Rxa4 Qc5 31.h4 Qxb5 32.Rb4 Qxb4 33.Nxb4 Rxb4 34.Qa3 Rb1+ 35.Kh2 h5 36.Qa8+ Kh7
37.Qa2 Rb7 38.Qd5 Re7 39.f4 g6 40.Qd8 Ra7 41.f5 Bc5 42.f6 Ba3 43.Qe8 Bd6
44.Kh3 Ra3+ 45.g3 Ra7 46.Kg2 Ba3 47.Kf3 Rc7 48.Ke2 Rc2+ 49.Ke3 Rc3+ 50.Kd2 Rc7
51.Kd3 Bc5 52.Qxe5 Rc6 53.Ke2 Ba3 54.Qa5 Bb2 55.Qb5 Rc2+ 56.Kd3 Rg2 57.e5 Rxg3+
58.Ke2 Rg2+ 59.Kf3 Rc2 60.Qe8 Rc7 61.Qf8  1-0

[Event "FIDE Women's World Cup Gp C"]
[Site "Hyderabad IND"]
[Date "2002.10.13"]
[Round "4"]
[White "Stepovaia Dianchenko,T"]
[Black "Krush,I"]
[Result "0-1"]
[WhiteElo "2398"]
[BlackElo "2403"]

1.e4 c5 2.Nc3 e6 3.g3 Nc6 4.Bg2 g6 5.d3 Bg7 6.Be3 d6 7.Qd2 Qa5 8.Nge2 Nd4
9.Nc1 Ne7 10.O-O Rb8 11.f4 b5 12.Qf2 b4 13.Nd1 O-O 14.c3 bxc3 15.bxc3 Nb5
16.Nb3 Qc7 17.Rc1 a5 18.c4 Na7 19.Nc3 Nac6 20.Nb5 Qd8 21.a4 e5 22.f5 f6 23.g4 Nb4
24.Qd2 Nec6 25.h4 Rb7 26.Rf3 Kh8 27.Rcf1 Nd4 28.Bxd4 exd4 29.Qf4 Nc6 30.Rg3 g5
31.Qd2 Rd7 32.Rh3 Bh6 33.Kf2 Kg7 34.Qe2 gxh4 35.Rxh4 Bg5 36.Rh5 Be3+ 37.Ke1 Ne5
38.Rfh1 h6 39.Kd1 Ba6 40.Nd2 Rh8 41.Kc2 Qe7 42.R5h3 Bg5 43.Nf3 Nxf3 44.Rxf3 Qd8
45.Rff1 Bxb5 46.cxb5 Re7 47.Qd1 Qg8 48.Kb2 c4 49.dxc4 Qxc4 50.Qb3 Qe2+ 51.Qc2 Qxc2+
52.Kxc2 Rc8+ 53.Kd3 Be3 54.Rb1 Rc3+ 55.Ke2 d5 56.b6 dxe4 57.b7 Bf4 58.b8=Q Bxb8
59.Rxb8 Rc2+ 60.Kd1 Rxg2 61.Rd8 d3 62.Re1 Rb7  0-1

[Event "Olympiad w"]
[Site "Bled SLO"]
[Date "2002.10.27"]
[Round "2"]
[White "Krush,I"]
[Black "Sanchez Castillo,S"]
[Result "1-0"]
[WhiteElo "2403"]
[BlackElo "2180"]

1.d4 Nf6 2.Nf3 g6 3.c4 Bg7 4.Nc3 d6 5.e4 O-O 6.Be2 e5 7.O-O Nbd7 8.Be3 Ne8
9.dxe5 Nxe5 10.Nxe5 Bxe5 11.f4 Bg7 12.Bf3 Bd7 13.Qd2 Bc6 14.Rad1 Nf6 15.Rfe1 Re8
16.Bf2 Nd7 17.Nd5 Bxd5 18.cxd5 Qf6 19.Rc1 Nc5 20.b4 Na6 21.a3 Bh6 22.Be3 Bg7
23.Rc4 Bh6 24.g3 b5 25.Rc6 Nb8 26.Rxc7 Bg7 27.Bg2 a5 28.bxa5 Qb2 29.Qxb2 Bxb2
30.Rb1 Bxa3 31.Rxb5 Na6 32.Rc3  1-0

[Event "Olympiad w"]
[Site "Bled SLO"]
[Date "2002.11.07"]
[Round "12"]
[White "Krush,I"]
[Black "Stefanova,A"]
[Result "1/2-1/2"]
[WhiteElo "2403"]
[BlackElo "2541"]

1.d4 d5 2.c4 c6 3.Nf3 Nf6 4.e3 a6 5.Bd3 g6 6.O-O Bg7 7.b3 c5 8.Bb2 cxd4 9.exd4 Nc6
10.Nbd2 O-O 11.Re1 Nh5 12.Ne5 dxc4 13.Bxc4 Nxd4 14.Ndf3 Ne6 15.Ba3 Bf6 16.Qxd8 Nxd8
17.Rad1 Be6 18.Nd7 Re8 19.Nb6 Rb8 20.g3 Ng7 21.Nd7 Rc8 22.Nxf6+ exf6 23.Bf1 Rc2
24.Rd2 Rxd2 25.Nxd2 Bd5 26.Rxe8+ Nxe8 27.Nc4 Nc6 28.f4 f5 29.Kf2 f6 30.Ke3 b5
31.Nb6 Bh1 32.Bc5 Nc7 33.a4 Ne6 34.Ba3 Na7 35.axb5 axb5 36.Kd3 Kf7 37.Kc3 Nd8
38.Kb4 Ndc6+ 39.Kc5 Na5 40.Kb4 N5c6+ 41.Kc5 Na5 42.Kb4 N5c6+ 43.Kc5 Na5  1/2-1/2

[Event "Olympiad w"]
[Site "Bled SLO"]
[Date "2002.11.08"]
[Round "13"]
[White "Krush,I"]
[Black "Vijayalakshmi,S"]
[Result "1/2-1/2"]
[WhiteElo "2403"]
[BlackElo "2394"]

1.d4 Nf6 2.c4 e6 3.Bg5 Be7 4.Nc3 d5 5.cxd5 exd5 6.e3 c6 7.Bd3 O-O 8.Qc2 Nbd7
9.Nge2 Re8 10.O-O Nf8 11.f3 Nh5  1/2-1/2

[Event "Olympiad w"]
[Site "Bled SLO"]
[Date "2002.11.10"]
[Round "14"]
[White "Zhukova,N"]
[Black "Krush,I"]
[Result "0-1"]
[WhiteElo "2436"]
[BlackElo "2403"]

1.d4 Nf6 2.c4 e6 3.Nc3 Bb4 4.Qc2 c5 5.dxc5 O-O 6.Nf3 Bxc5 7.a3 b6 8.Bg5 Bb7
9.e3 h6 10.Bh4 Be7 11.Rd1 a6 12.Be2 d6 13.O-O Nbd7 14.Rd2 Qc7 15.Rfd1 Rfd8
16.Bg3 Nc5 17.Qb1 Nce4 18.Nxe4 Nxe4 19.Rc2 Nxg3 20.hxg3 Rac8 21.Nd4 e5 22.Nf5 Bf8
23.Rcd2 g6 24.Nh4 e4 25.Qa2 Qd7 26.g4 Be7 27.g3 Bxh4 28.gxh4 Qe7 29.Qb3 Rc6
30.Kg2 Qxh4 31.c5 d5 32.Rh1 Qg5 33.cxb6 Rf6 34.Qb4 Rdd6 35.Qc5 Rxb6 36.b4 Rbd6
37.Qc7 Bc6 38.Rd4 Bd7 39.Kg3 Bxg4 40.Bxg4 Rf3+ 41.Kg2 Qxg4+ 42.Kf1 Rxf2+
43.Kxf2 Qf3+  0-1

[Event "4th Millennium Festival"]
[Site "Virginia Beach USA"]
[Date "2003.03.30"]
[Round "5"]
[White "Krush,I"]
[Black "Ehlvest,J"]
[Result "1-0"]
[WhiteElo "2433"]
[BlackElo "2600"]

1.d4 Nf6 2.c4 g6 3.Nc3 d5 4.Nf3 Bg7 5.Bg5 dxc4 6.e3 Be6 7.Nd2 Nd5 8.Nce4 h6
9.Bh4 Nd7 10.Bxc4 g5 11.Bg3 c5 12.Qb3 Nb4 13.Bxe6 fxe6 14.O-O Nd5 15.Nxc5 Nxc5
16.dxc5 Qd7 17.Nf3 O-O 18.Ne5 Qc8 19.Rac1 a5 20.c6 bxc6 21.Rxc6 Qb8 22.Rxe6 Qxb3
23.axb3 Rf6 24.Rxf6 Bxf6 25.Ra1 Rb8 26.Rxa5  1-0

[Event "Generation"]
[Site "New York USA"]
[Date "2003.05.01"]
[Round "8"]
[White "Krush,I"]
[Black "Paschall,W"]
[Result "1/2-1/2"]
[WhiteElo "2431"]
[BlackElo "2429"]

1.d4 e6 2.c4 b6 3.a3 f5 4.g3 Bb7 5.d5 Nf6 6.Bg2 b5 7.Nf3 exd5 8.cxb5 a6 9.Nc3 axb5
10.Nxb5 c6 11.Nbd4 g6 12.O-O Bg7 13.b4 O-O 14.Bb2 Na6 15.Nb3 Qe7 16.e3 Nc7
17.Nc5 Bc8 18.Qc2 Nb5 19.Rfc1 Nd6 20.Bf1 Nde4 21.Bd4 Ng4 22.Bxg7 Kxg7 23.Nd3 Ba6
24.Qb2+ Qf6 25.Qxf6+ Rxf6 26.Rc2 Rff8 27.h3 Bxd3 28.Bxd3 Ngxf2 29.Rxf2 Nxf2
30.Kxf2 Rfb8 31.Ne5 Ra7 32.Be2 Rba8 33.Rb1 Kf6 34.Nd3 Rxa3 35.b5 Ra1 36.Rb2 cxb5
37.Rxb5 R1a5 38.Rb6+ Ke7 39.Nb4 Rc8 40.Kf3 Rc3 41.Kf2 Kd8 42.Rd6 Rcc5 43.Bf3 Ke7
44.Rxd5 Rxd5 45.Nxd5+ Kd6 46.Nc3 Ke5 47.h4 h6 48.Ke2 Ra3 49.Kd2 g5 50.hxg5 hxg5
51.Bb7 Rb3 52.Bf3 Rb2+ 53.Kd3 Rh2 54.Bb7 Rh3 55.Ne2 d5 56.Bc8 Rh8 57.Bd7 Ra8
58.Nc3 Rd8 59.Bb5 d4 60.Ne2 dxe3+ 61.Kxe3 Rh8 62.Bc6 Rh3 63.Kf3 f4 64.Kg2 Rh6
65.gxf4+ gxf4 66.Bb7 Rb6  1/2-1/2

[Event "Andorra"]
[Site "Andorra la Vella AND"]
[Date "2003.07.07"]
[Round "3"]
[White "Krush,I"]
[Black "Kuzmin,A"]
[Result "1-0"]
[WhiteElo "2449"]
[BlackElo "2583"]

1.d4 Nf6 2.c4 g6 3.Nc3 Bg7 4.e4 d6 5.Nf3 O-O 6.Be2 e5 7.O-O Nc6 8.d5 Ne7
9.Ne1 Nd7 10.Nd3 f5 11.Bd2 Kh8 12.Rc1 Nf6 13.f3 f4 14.c5 Neg8 15.cxd6 cxd6
16.Nb5 Rf7 17.Qc2 Ne8 18.a4 h5 19.Qc3 g5 20.Rc2 g4 21.Rfc1 a6 22.Na3 gxf3
23.gxf3 Bh3 24.Kh1 Qh4 25.Nc4 Rc8 26.Qb3 Kh7 27.Ba5 Bf6 28.Rg1 Bd8 29.Be1 Qe7
30.Bf2 Nh6 31.Rc3 Rg7 32.Rcc1 Rxg1+ 33.Rxg1 Nf7 34.Nb6 Bxb6 35.Bxb6 Nf6 36.Nf2 Bd7
37.Nd1 Rg8 38.Rxg8 Nxg8 39.Qc2 h4 40.Nf2 h3 41.Qc7 Bxa4 42.Qxe7 Nxe7 43.Nxh3 Ng6
44.Kg2 Nh4+ 45.Kf2 Kg6 46.Ke1 Bd7 47.Ng1 Kf6 48.Kd2 Ke7 49.Kc3 Ng6 50.Kb4 Ng5
51.Ka5 Nh3 52.Nxh3 Bxh3 53.Bf2 Kd7 54.Kb6 Kc8 55.Be1 Nf8 56.Bb4 Nd7+ 57.Ka7 Kc7
58.Ba5+ b6 59.Be1 a5 60.Bf2 Nc5 61.Bxc5 dxc5 62.b3 Bg2 63.d6+ Kxd6 64.Kxb6 c4
65.bxc4 a4 66.c5+ Ke7 67.c6 a3 68.c7 a2 69.c8=Q a1=Q 70.Qc7+ Kf6 71.Qd8+ Kg6
72.Qg8+ Kf6 73.Qxg2 Qb2+ 74.Ka7 Qa2+ 75.Kb8 Qb2+ 76.Kc7 Qc3+ 77.Kb6 Qb2+
78.Kc5 Qc2+ 79.Kd6 Qd2+ 80.Kc7 Qc3+ 81.Kd8  1-0